[Event "4. Obert Internacional Masdenverge 2015"]
[Site "Masdenverge ESP"]
[Date "2015.06.27"]
[Round "3.3"]
[White "Ferre Fornos, J. Enric"]
[Black "Asensio Linan, Teodoro"]
[Result "0-1"]
[WhiteElo "1958"]
[BlackElo "2168"]
[PlyCount "76"]
[EventDate "2015.06.26"]
[EventType "swiss"]
[EventRounds "7"]
[EventCountry "ESP"]
[SourceTitle "Ajedrez en Madrid"]
[Source "lmi"]
[SourceDate "2015.06.26"]
[SourceVersion "1"]
[SourceVersionDate "2018.04.15"]
[SourceQuality "1"]

1. e4 e6 2. Qe2 Nc6 3. Nf3 e5 4. g3 Nf6 5. Bg2 Bc5 6. O-O O-O 7. d3 Re8 8. c4
a5 9. Be3 b6 10. h3 a4 11. Nc3 a3 12. b3 Nd4 13. Bxd4 exd4 14. Na4 Bd6 15. Rac1
c5 16. Nh4 Bb7 17. f4 Bf8 18. e5 d5 19. Qd1 Nd7 20. Qg4 Ra7 21. Rce1 dxc4 22.
bxc4 Bxg2 23. Kxg2 Rxa4 24. Nf5 Re6 25. Nh4 Rb4 26. Nf3 Rb2+ 27. Rf2 Qa8 28.
Re4 b5 29. Ng5 Re7 30. Qh5 h6 31. Nxf7 Rxf7 32. e6 Re7 33. exd7 Rxe4 34. d8=Q
Qxd8 35. dxe4 bxc4 36. f5 d3 37. f6 Rxf2+ 38. Kxf2 Qxf6+ 0-1

[Event "4. Obert Internacional Masdenverge 2015"]
[Site "Masdenverge ESP"]
[Date "2015.06.27"]
[Round "3.4"]
[White "Colls Gelaberto, Emili"]
[Black "Calvo Simon, Jorge"]
[Result "1-0"]
[WhiteElo "2164"]
[BlackElo "2042"]
[PlyCount "97"]
[EventDate "2015.06.26"]
[EventType "swiss"]
[EventRounds "7"]
[EventCountry "ESP"]
[SourceTitle "Ajedrez en Madrid"]
[Source "lmi"]
[SourceDate "2015.06.26"]
[SourceVersion "1"]
[SourceVersionDate "2018.04.15"]
[SourceQuality "1"]

1. Nf3 Nf6 2. c4 g6 3. Nc3 Bg7 4. e4 d6 5. d4 O-O 6. h3 e5 7. dxe5 dxe5 8. Qxd8
Rxd8 9. Bg5 Re8 10. Nd5 Nxd5 11. cxd5 c6 12. Bc4 Bd7 13. O-O cxd5 14. Bxd5 Nc6
15. Rac1 Rac8 16. Rfd1 Nd4 17. Nxd4 exd4 18. Bxb7 Rb8 19. Rc7 Ba4 20. b3 Be5
21. Rdc1 Bxc7 22. Rxc7 Rxb7 23. Rxb7 Bc6 24. Rxa7 Rxe4 25. Rc7 Be8 26. f3 Re2
27. Re7 d3 28. Rxe2 dxe2 29. Kf2 Bb5 30. a4 Bd3 31. b4 Kf8 32. Bd2 Ke7 33. Ke3
Bc4 34. Kd4 Bb3 35. a5 Kd6 36. b5 Kc7 37. Kc5 Bc2 38. a6 Bd3 39. Ba5+ Kb8 40.
Kb6 h5 41. Be1 g5 42. h4 gxh4 43. Bxh4 Bc4 44. Bg3+ Ka8 45. Ka5 f5 46. b6 Bd5
47. b7+ Bxb7 48. axb7+ Kxb7 49. Kb5 1-0

[Event "4. Obert Internacional Masdenverge 2015"]
[Site "Masdenverge ESP"]
[Date "2015.06.27"]
[Round "3.5"]
[White "Espuny Sanchis, Anselm"]
[Black "Fernandez Soriano, Ruben"]
[Result "0-1"]
[WhiteElo "1958"]
[BlackElo "2131"]
[PlyCount "98"]
[EventDate "2015.06.26"]
[EventType "swiss"]
[EventRounds "7"]
[EventCountry "ESP"]
[SourceTitle "Ajedrez en Madrid"]
[Source "lmi"]
[SourceDate "2015.06.26"]
[SourceVersion "1"]
[SourceVersionDate "2018.04.15"]
[SourceQuality "1"]

1. b3 e5 2. Bb2 d6 3. e3 f5 4. Ne2 Nc6 5. d4 Be7 6. dxe5 dxe5 7. Qxd8+ Bxd8 8.
Nbc3 Nf6 9. Ng3 a6 10. Bc4 Nb4 11. O-O-O b5 12. Nxb5 axb5 13. Bxb5+ c6 14. Ba4
Bc7 15. a3 Rxa4 16. bxa4 Na6 17. f3 Nc5 18. a5 O-O 19. Bc3 Re8 20. Bb4 Na6 21.
e4 f4 22. Nf5 Bxf5 23. exf5 Nd5 24. Bd2 Nc5 25. Bb4 Na6 26. Bd2 Rb8 27. c4 Nf6
28. Kc2 e4 29. fxe4 Nxe4 30. Rb1 Rd8 31. Rhd1 Nac5 32. Bb4 Ra8 33. Bxc5 Nxc5
34. Re1 Kf7 35. Re2 Rxa5 36. Kb2 Kf6 37. Rd1 Be5+ 38. Ka2 Na4 39. Kb3 Ra8 40.
Rde1 Nc5+ 41. Kc2 Bd4 42. Rd1 Be3 43. Rd6+ Kxf5 44. Rxc6 Ne6 45. Kb2 Nd4 46.
Rc5+ Ke4 47. Re1 Rb8+ 48. Ka2 Nc2 49. Re2 Kd3 0-1

[Event "4. Obert Internacional Masdenverge 2015"]
[Site "Masdenverge ESP"]
[Date "2015.06.27"]
[Round "3.6"]
[White "Jordan Martinez, David"]
[Black "Miquel Juan, Marcelo"]
[Result "1-0"]
[WhiteElo "2131"]
[BlackElo "2025"]
[PlyCount "111"]
[EventDate "2015.06.26"]
[EventType "swiss"]
[EventRounds "7"]
[EventCountry "ESP"]
[SourceTitle "Ajedrez en Madrid"]
[Source "lmi"]
[SourceDate "2015.06.26"]
[SourceVersion "1"]
[SourceVersionDate "2018.04.15"]
[SourceQuality "1"]

1. Nf3 Nf6 2. d4 g6 3. g3 Bg7 4. Bg2 O-O 5. O-O d5 6. c4 Nc6 7. Ne5 Nxe5 8.
dxe5 Ng4 9. cxd5 Nxe5 10. Nc3 c6 11. Bf4 cxd5 12. Nxd5 Bd7 13. Qb3 e6 14. Nc3
Bc6 15. Rfd1 Qe7 16. Bxc6 bxc6 17. Qc2 Rfb8 18. b3 a5 19. Rac1 Rb4 20. Na4 h5
21. Bxe5 Bxe5 22. Qxc6 Rd8 23. Rxd8+ Qxd8 24. Qc8 Rb8 25. Qxd8+ Rxd8 26. Rc2
Kg7 27. e3 Kf6 28. Kg2 Bd6 29. h4 Bb4 30. Kf3 Ke5 31. Ke2 Rd6 32. Nb2 Kf6 33.
Nd3 Ba3 34. Rc4 Rd5 35. Ra4 Bd6 36. Rc4 Rb5 37. e4 Ke7 38. f4 Kd7 39. Kd2 f6
40. Kc2 Be7 41. Kc3 g5 42. a4 Rb8 43. hxg5 fxg5 44. Ne5+ Ke8 45. Nc6 Rc8 46.
fxg5 Bxg5 47. Nxa5 Rd8 48. Nc6 Rd6 49. a5 Kd7 50. Ne5+ Ke8 51. Nd3 Be3 52. b4
Kd8 53. b5 Bg1 54. b6 Bxb6 55. axb6 Rxb6 56. Rc5 1-0

[Event "4. Obert Internacional Masdenverge 2015"]
[Site "Masdenverge ESP"]
[Date "2015.06.27"]
[Round "3.7"]
[White "Garcia Espelta, Josep"]
[Black "Buch Prades, Joan"]
[Result "0-1"]
[WhiteElo "1892"]
[BlackElo "2093"]
[PlyCount "58"]
[EventDate "2015.06.26"]
[EventType "swiss"]
[EventRounds "7"]
[EventCountry "ESP"]
[SourceTitle "Ajedrez en Madrid"]
[Source "lmi"]
[SourceDate "2015.06.26"]
[SourceVersion "1"]
[SourceVersionDate "2018.04.15"]
[SourceQuality "1"]

1. e4 c5 2. Nf3 Nc6 3. d4 cxd4 4. Nxd4 g6 5. c4 Nf6 6. Nc3 d6 7. Be2 Nxd4 8.
Qxd4 Bg7 9. Be3 O-O 10. Qd2 Bd7 11. f3 a5 12. O-O a4 13. Rac1 Qa5 14. Rfd1 Bc6
15. Bf1 Nd7 16. Qf2 a3 17. b4 Qxb4 18. Nd5 Bxd5 19. cxd5 Bb2 20. Rc4 Qa5 21.
Bd2 Qa7 22. Be3 b6 23. Rb4 Nc5 24. Bd4 Qa5 25. Rb5 Qa4 26. Rd2 Nd3 27. Rxd3
Qxb5 28. Bxb6 Qa4 29. Rb3 Qxb3 0-1

[Event "4. Obert Internacional Masdenverge 2015"]
[Site "Masdenverge ESP"]
[Date "2015.06.27"]
[Round "3.8"]
[White "Romero Pallares, Daniel"]
[Black "Ramon Serrano, Francisco Javie"]
[Result "1-0"]
[WhiteElo "2070"]
[BlackElo "2014"]
[PlyCount "55"]
[EventDate "2015.06.26"]
[EventType "swiss"]
[EventRounds "7"]
[EventCountry "ESP"]
[SourceTitle "Ajedrez en Madrid"]
[Source "lmi"]
[SourceDate "2015.06.26"]
[SourceVersion "1"]
[SourceVersionDate "2018.04.15"]
[SourceQuality "1"]

1. e4 d5 2. Nc3 dxe4 3. Nxe4 Nd7 4. Nf3 Ngf6 5. Nxf6+ Nxf6 6. d4 e6 7. Bg5 Be7
8. Bd3 O-O 9. c3 b6 10. Qc2 h6 11. Be3 Bb7 12. O-O-O Nd5 13. Ne5 Nxe3 14. fxe3
Qd5 15. Rhg1 Bg5 16. Rde1 c5 17. Kb1 Rac8 18. Qf2 b5 19. h4 Be7 20. Ref1 cxd4
21. exd4 Bd6 22. Nd7 e5 23. Nxf8 Rxf8 24. g4 e4 25. Bc2 b4 26. g5 hxg5 27. Rxg5
f5 28. Bb3 1-0

[Event "4. Obert Internacional Masdenverge 2015"]
[Site "Masdenverge ESP"]
[Date "2015.06.27"]
[Round "3.9"]
[White "Palacios Herrero, Pablo"]
[Black "Pamies Martinez, Lluis"]
[Result "1/2-1/2"]
[WhiteElo "2064"]
[BlackElo "1958"]
[PlyCount "111"]
[EventDate "2015.06.26"]
[EventType "swiss"]
[EventRounds "7"]
[EventCountry "ESP"]
[SourceTitle "Ajedrez en Madrid"]
[Source "lmi"]
[SourceDate "2015.06.26"]
[SourceVersion "1"]
[SourceVersionDate "2018.04.15"]
[SourceQuality "1"]

1. e4 c6 2. Nc3 d5 3. Nf3 Bg4 4. h3 Bxf3 5. Qxf3 dxe4 6. Nxe4 Nd7 7. d4 Ngf6 8.
Bc4 e6 9. c3 Nxe4 10. Qxe4 Nf6 11. Qf3 Bd6 12. Bg5 h6 13. Bh4 Be7 14. O-O O-O
15. Bb3 Nd5 16. Bg3 Bd6 17. Rad1 Bxg3 18. Qxg3 Qc7 19. Qd3 Rad8 20. Bc2 Nf6 21.
Rfe1 c5 22. Qc4 Rc8 23. Re5 Nd7 24. Qd3 Nf6 25. Rxc5 Qb6 26. Rxc8 Rxc8 27. Bb3
a5 28. Rd2 Qc6 29. d5 exd5 30. Bxd5 Qc7 31. Bf3 Re8 32. Rd1 b6 33. Qd6 Qb8 34.
Qxb8 Rxb8 35. Kf1 Kf8 36. Ke2 Re8+ 37. Kd3 Rc8 38. Re1 Rc5 39. Kd4 Nd7 40. Re2
f6 41. Bd5 Ne5 42. f4 Nc6+ 43. Bxc6 Rxc6 44. b4 axb4 45. c4 Rd6+ 46. Ke4 Re6+
47. Kd3 Rxe2 48. Kxe2 Ke7 49. Kd3 Kd6 50. Kd4 f5 51. h4 h5 52. g3 g6 53. Ke3
Kc6 54. Kd4 Kd6 55. Ke3 Kc5 56. Kd3 1/2-1/2

[Event "4. Obert Internacional Masdenverge 2015"]
[Site "Masdenverge ESP"]
[Date "2015.06.27"]
[Round "3.10"]
[White "Aubanell Ber, Sergi"]
[Black "Galimany Rovira, Xavier"]
[Result "1/2-1/2"]
[WhiteElo "1858"]
[BlackElo "2060"]
[PlyCount "41"]
[EventDate "2015.06.26"]
[EventType "swiss"]
[EventRounds "7"]
[EventCountry "ESP"]
[SourceTitle "Ajedrez en Madrid"]
[Source "lmi"]
[SourceDate "2015.06.26"]
[SourceVersion "1"]
[SourceVersionDate "2018.04.15"]
[SourceQuality "1"]

1. d4 c5 2. Nf3 cxd4 3. Qxd4 Nc6 4. Qh4 Nf6 5. c3 d5 6. Nbd2 e5 7. e4 Be7 8.
exd5 Nxd5 9. Qg3 O-O 10. Bb5 Re8 11. O-O f6 12. Re1 Be6 13. Nb3 a6 14. Bh6 Bf8
15. Bxc6 bxc6 16. Rad1 Qb6 17. Bc1 a5 18. Nbd2 Ne7 19. Qh4 Bxa2 20. Nc4 Qc5 21.
Nd6 1/2-1/2

[Event "4. Obert Internacional Masdenverge 2015"]
[Site "Masdenverge ESP"]
[Date "2015.06.27"]
[Round "4.1"]
[White "Roig Aguilar, Alejandro"]
[Black "Jordan Martinez, David"]
[Result "1-0"]
[WhiteElo "2199"]
[BlackElo "2131"]
[PlyCount "71"]
[EventDate "2015.06.26"]
[EventType "swiss"]
[EventRounds "7"]
[EventCountry "ESP"]
[SourceTitle "Ajedrez en Madrid"]
[Source "lmi"]
[SourceDate "2015.06.26"]
[SourceVersion "1"]
[SourceVersionDate "2018.04.15"]
[SourceQuality "1"]

1. d4 Nf6 2. c4 e6 3. Nc3 Bb4 4. g3 O-O 5. Bg2 d5 6. Nf3 dxc4 7. O-O Nc6 8. a3
Bxc3 9. bxc3 Bd7 10. Re1 Rb8 11. e4 Na5 12. Bg5 h6 13. Bh4 Qe8 14. Bxf6 gxf6
15. Qd2 Kg7 16. Qf4 Qd8 17. Rad1 Nc6 18. e5 f5 19. g4 Ne7 20. gxf5 exf5 21. d5
Ba4 22. Rd4 Bc2 23. Nh4 Ng6 24. Nxf5+ Bxf5 25. Qxf5 b5 26. h4 h5 27. Re3 Rh8
28. Rg3 Qe7 29. Rf4 Rh6 30. Be4 Kh8 31. Qxf7 Qxf7 32. Rxf7 Nxe5 33. Rxc7 Ng4
34. f3 Ne5 35. Re7 Nd3 36. d6 1-0

[Event "4. Obert Internacional Masdenverge 2015"]
[Site "Masdenverge ESP"]
[Date "2015.06.27"]
[Round "4.2"]
[White "Asensio Linan, Teodoro"]
[Black "Buch Prades, Joan"]
[Result "1/2-1/2"]
[WhiteElo "2168"]
[BlackElo "2093"]
[PlyCount "116"]
[EventDate "2015.06.26"]
[EventType "swiss"]
[EventRounds "7"]
[EventCountry "ESP"]
[SourceTitle "Ajedrez en Madrid"]
[Source "lmi"]
[SourceDate "2015.06.26"]
[SourceVersion "1"]
[SourceVersionDate "2018.04.15"]
[SourceQuality "1"]

1. e4 c5 2. Nf3 Nc6 3. Bb5 g6 4. O-O Bg7 5. Re1 e5 6. c3 Nge7 7. h3 O-O 8. Na3
a6 9. Bf1 d5 10. exd5 Qxd5 11. Nc4 Rb8 12. d4 cxd4 13. cxd4 Rd8 14. Bg5 f6 15.
Nb6 Qd6 16. Qb3+ Be6 17. Bc4 Bxc4 18. Qxc4+ Kh8 19. dxe5 fxe5 20. Be3 Qb4 21.
Bc5 Qxc4 22. Nxc4 Nf5 23. Ng5 Rd5 24. b4 b5 25. Nb6 Rd3 26. Rad1 Rxd1 27. Rxd1
Nfd4 28. Nd5 h6 29. Ne4 Bf8 30. Kf1 Bxc5 31. bxc5 b4 32. Nd6 Kg7 33. Nb6 Ne6
34. Ne4 Nxc5 35. Nxc5 Rxb6 36. Rd6 a5 37. Ne6+ Kg8 38. Nd8 a4 39. Nxc6 Kf8 40.
Rd8+ Kg7 41. Nxe5 b3 42. axb3 axb3 43. Rd1 Rb5 44. f4 g5 45. Rb1 gxf4 46. Nd3
Kf6 47. Ke2 Kf5 48. Rf1 Kg5 49. Kd2 Kh4 50. Rxf4+ Kg3 51. Rg4+ Kh2 52. Kc3 Rb6
53. Nb4 Re6 54. Kxb3 Re2 55. Nd5 Rxg2 56. Rxg2+ Kxg2 57. h4 Kg3 58. h5 Kg4
1/2-1/2

[Event "4. Obert Internacional Masdenverge 2015"]
[Site "Masdenverge ESP"]
[Date "2015.06.27"]
[Round "4.3"]
[White "Perez Gisbert, Santiago"]
[Black "Colls Gelaberto, Emili"]
[Result "1-0"]
[WhiteElo "1938"]
[BlackElo "2164"]
[PlyCount "107"]
[EventDate "2015.06.26"]
[EventType "swiss"]
[EventRounds "7"]
[EventCountry "ESP"]
[SourceTitle "Ajedrez en Madrid"]
[Source "lmi"]
[SourceDate "2015.06.26"]
[SourceVersion "1"]
[SourceVersionDate "2018.04.15"]
[SourceQuality "1"]

1. e4 d6 2. d4 Nf6 3. Nc3 e5 4. Nf3 Nbd7 5. Bc4 Be7 6. O-O O-O 7. Bg5 c6 8. Qe2
Qb6 9. dxe5 Nxe5 10. Nxe5 dxe5 11. b3 Bg4 12. Qe1 Rfd8 13. Be3 Qc7 14. f3 Bh5
15. Qf2 Bb4 16. Ne2 Ba5 17. Ng3 Bg6 18. Nf5 Bxf5 19. exf5 Bb6 20. Bxb6 Qxb6 21.
Qxb6 axb6 22. a4 Rd4 23. Rfe1 Re8 24. Rad1 Kf8 25. Rxd4 exd4 26. Rxe8+ Nxe8 27.
Kf2 Nd6 28. Bd3 Ke7 29. Kg3 f6 30. Kf4 c5 31. g4 h6 32. Be4 Kd7 33. h4 Kc7 34.
Bd3 Nf7 35. Ke4 Kd6 36. f4 Nd8 37. Kf3 Nc6 38. g5 Nb4 39. Kg4 Nxd3 40. cxd3 c4
41. bxc4 Kc5 42. gxh6 gxh6 43. Kh5 Kb4 44. Kxh6 Kc3 45. Kg6 Kxd3 46. h5 Ke4 47.
h6 d3 48. h7 d2 49. h8=Q d1=Q 50. Qxf6 Qg4+ 51. Qg5 Qd1 52. f6 Qxa4 53. f7 Qa3
54. Qf5+ 1-0

[Event "4. Obert Internacional Masdenverge 2015"]
[Site "Masdenverge ESP"]
[Date "2015.06.27"]
[Round "4.4"]
[White "Fernandez Soriano, Ruben"]
[Black "Romero Pallares, Daniel"]
[Result "1-0"]
[WhiteElo "2131"]
[BlackElo "2070"]
[PlyCount "103"]
[EventDate "2015.06.26"]
[EventType "swiss"]
[EventRounds "7"]
[EventCountry "ESP"]
[SourceTitle "Ajedrez en Madrid"]
[Source "lmi"]
[SourceDate "2015.06.26"]
[SourceVersion "1"]
[SourceVersionDate "2018.04.15"]
[SourceQuality "1"]

1. e4 g6 2. d4 Bg7 3. Nc3 d6 4. g3 Nf6 5. Bg2 O-O 6. Nge2 Nbd7 7. h3 e5 8. Be3
c6 9. a4 Qe7 10. O-O Re8 11. d5 cxd5 12. exd5 Nf8 13. a5 a6 14. Na4 N6d7 15.
Qd2 f5 16. Rfe1 Rb8 17. c4 e4 18. Nb6 Nxb6 19. axb6 Nd7 20. Bg5 Qf8 21. Nd4 Ne5
22. Ra3 h6 23. Be3 Kh7 24. b4 Nd3 25. Rxd3 exd3 26. Qxd3 Bd7 27. Rc1 Rbc8 28.
Ne6 Bxe6 29. dxe6 Qe7 30. Bd5 Red8 31. Qe2 a5 32. bxa5 Ra8 33. Bd2 h5 34. h4 f4
35. Bxf4 Rxa5 36. Qe4 Ra1 37. Rxa1 Bxa1 38. Bg5 Bf6 39. Be3 Rb8 40. Kg2 Qg7 41.
Qf4 Be5 42. Qf7 Qxf7 43. exf7 Kg7 44. f4 Bf6 45. c5 dxc5 46. Bxc5 Rc8 47. f8=Q+
Rxf8 48. Bxf8+ Kxf8 49. Bxb7 Bd4 50. Be4 Bxb6 51. Bxg6 Kg7 52. Bxh5 1-0

[Event "4. Obert Internacional Masdenverge 2015"]
[Site "Masdenverge ESP"]
[Date "2015.06.27"]
[Round "4.5"]
[White "Segura Lara, Ramon"]
[Black "Panella Navarro, Sergi"]
[Result "0-1"]
[WhiteElo "1945"]
[BlackElo "2184"]
[PlyCount "64"]
[EventDate "2015.06.26"]
[EventType "swiss"]
[EventRounds "7"]
[EventCountry "ESP"]
[SourceTitle "Ajedrez en Madrid"]
[Source "lmi"]
[SourceDate "2015.06.26"]
[SourceVersion "1"]
[SourceVersionDate "2018.04.15"]
[SourceQuality "1"]

1. d4 Nf6 2. c4 c5 3. d5 b5 4. cxb5 a6 5. b6 d6 6. Nc3 g6 7. a4 Qxb6 8. a5 Qb7
9. e4 Nbd7 10. f4 Bg7 11. Bc4 O-O 12. Nf3 Ne8 13. O-O Nc7 14. Qd3 Rb8 15. Ra2
Nb5 16. Be3 Nf6 17. h3 Nxc3 18. bxc3 Nxe4 19. Bxa6 Qxa6 20. Qxe4 Bf5 21. Qa4
Bxc3 22. Bd2 Bf6 23. Re1 Rb7 24. Ra3 Bd3 25. Re3 Bc4 26. g4 Bxd5 27. Re1 Rfb8
28. g5 Bg7 29. Rae3 e6 30. h4 Qc4 31. Ra3 Qxa4 32. Rxa4 Bxf3 0-1

[Event "4. Obert Internacional Masdenverge 2015"]
[Site "Masdenverge ESP"]
[Date "2015.06.27"]
[Round "4.6"]
[White "Ortoneda Mayoral, Emilio"]
[Black "Fernandez Alonso, Miquel A."]
[Result "0-1"]
[WhiteElo "1898"]
[BlackElo "2068"]
[PlyCount "96"]
[EventDate "2015.06.26"]
[EventType "swiss"]
[EventRounds "7"]
[EventCountry "ESP"]
[SourceTitle "Ajedrez en Madrid"]
[Source "lmi"]
[SourceDate "2015.06.26"]
[SourceVersion "1"]
[SourceVersionDate "2018.04.15"]
[SourceQuality "1"]

1. e4 c5 2. Nf3 Nc6 3. Nc3 d6 4. d4 cxd4 5. Nxd4 e5 6. Nf3 Nf6 7. Be2 Be7 8.
O-O O-O 9. h3 Be6 10. Be3 Qd7 11. Ng5 Rad8 12. Nd5 h6 13. Nxf6+ Bxf6 14. Nxe6
fxe6 15. Bg4 Qe7 16. c3 d5 17. Qb3 b6 18. Rad1 Na5 19. Qb4 Kf7 20. f4 Qxb4 21.
cxb4 Nc4 22. Bc1 exf4 23. exd5 exd5 24. Rxf4 Ne5 25. Bf5 d4 26. Kh1 Nc4 27. Bd3
Ne3 28. Re1 Rfe8 29. Rf3 Nd5 30. Rxe8 Rxe8 31. a3 Re1+ 32. Rf1 Rxf1+ 33. Bxf1
Ne3 34. Bd3 Ke6 35. Kg1 Bh4 36. Kh2 Kd5 37. g3 Bf6 38. Kg1 Bg5 39. b3 Ke5 40.
a4 Nd5 41. Bxg5 hxg5 42. Kf2 Nxb4 43. Ke2 Nxd3 44. Kxd3 Kd5 45. h4 g4 46. h5 a5
47. Kd2 Ke4 48. Ke2 d3+ 0-1

[Event "4. Obert Internacional Masdenverge 2015"]
[Site "Masdenverge ESP"]
[Date "2015.06.27"]
[Round "4.7"]
[White "Altabas Felipo, Enoc"]
[Black "Palacios Herrero, Pablo"]
[Result "0-1"]
[WhiteElo "1547"]
[BlackElo "2064"]
[PlyCount "108"]
[EventDate "2015.06.26"]
[EventType "swiss"]
[EventRounds "7"]
[EventCountry "ESP"]
[SourceTitle "Ajedrez en Madrid"]
[Source "lmi"]
[SourceDate "2015.06.26"]
[SourceVersion "1"]
[SourceVersionDate "2018.04.15"]
[SourceQuality "1"]

1. c4 e5 2. Nc3 Nc6 3. e3 f5 4. g3 Nf6 5. Bg2 Bc5 6. Nge2 d6 7. O-O O-O 8. d4
Bb6 9. b3 Qe8 10. Bb2 Qh5 11. Nd5 Ng4 12. h3 Nh6 13. b4 f4 14. exf4 Bxh3 15. c5
Ng4 16. cxb6 Bxg2 17. Kxg2 e4 18. Rh1 Qxd5 19. Nc3 Qf5 20. Rh4 Nf6 21. bxc7
Rac8 22. Qe2 Rxc7 23. Qc4+ d5 24. g4 dxc4 25. gxf5 Nxd4 26. Nxe4 Nxe4 27. Bxd4
b5 28. Kf3 Nf6 29. Rah1 Rd8 30. Be5 Rd3+ 31. Kg2 Rcd7 32. Bxf6 gxf6 33. Rg4+
Kh8 34. Rh6 Rg7 35. Rg3 Rgxg3+ 36. fxg3 Kg7 37. Rh1 Rd2+ 38. Kf3 Rxa2 39. Rb1
Ra3+ 40. Ke2 Rxg3 41. Rh1 Rd3 42. Ra1 Rb3 43. Rxa7+ Kh6 44. Rf7 Rxb4 45. Rxf6+
Kg7 46. Rb6 Rb2+ 47. Ke3 c3 48. f6+ Kf7 49. Kd3 b4 50. f5 h5 51. Ke3 b3 52. Kd3
c2 53. Kd2 Rb1 54. Rc6 Rd1+ 0-1

[Event "4. Obert Internacional Masdenverge 2015"]
[Site "Masdenverge ESP"]
[Date "2015.06.27"]
[Round "4.8"]
[White "Galimany Rovira, Xavier"]
[Black "Rius Guarch, Daniel"]
[Result "1/2-1/2"]
[WhiteElo "2060"]
[BlackElo "1869"]
[PlyCount "77"]
[EventDate "2015.06.26"]
[EventType "swiss"]
[EventRounds "7"]
[EventCountry "ESP"]
[SourceTitle "Ajedrez en Madrid"]
[Source "lmi"]
[SourceDate "2015.06.26"]
[SourceVersion "1"]
[SourceVersionDate "2018.04.15"]
[SourceQuality "1"]

1. c4 Nf6 2. g3 g6 3. Bg2 Bg7 4. Nc3 d6 5. e4 e5 6. Nge2 Be6 7. d3 a5 8. O-O
O-O 9. h3 h6 10. f4 Qc8 11. g4 exf4 12. Nxf4 g5 13. Nfe2 Nc6 14. Be3 Ne5 15.
Ng3 Ng6 16. Qd2 Nh4 17. Rf2 c6 18. Raf1 Qd8 19. Nf5 Bxf5 20. gxf5 Nh5 21. Ne2
Be5 22. Bf3 Nf4 23. Nxf4 gxf4 24. Bxf4 Bd4 25. Be3 Qg5+ 26. Bxg5 Nxf3+ 27. Kh1
Nxd2 28. Bxd2 Bxf2 29. Rxf2 Kh7 30. Rf4 Rg8 31. Kh2 d5 32. Rh4 Rh8 33. Bc3 Rhe8
34. Bd2 dxe4 35. dxe4 Kg7 36. Bc3+ f6 37. Kg3 Rg8 38. Kf3 a4 39. Bd2 1/2-1/2

[Event "4. Obert Internacional Masdenverge 2015"]
[Site "Masdenverge ESP"]
[Date "2015.06.27"]
[Round "4.9"]
[White "Guasch Figuerola, Agusti"]
[Black "Aubanell Ber, Sergi"]
[Result "1-0"]
[WhiteElo "2055"]
[BlackElo "1858"]
[PlyCount "79"]
[EventDate "2015.06.26"]
[EventType "swiss"]
[EventRounds "7"]
[EventCountry "ESP"]
[SourceTitle "Ajedrez en Madrid"]
[Source "lmi"]
[SourceDate "2015.06.26"]
[SourceVersion "1"]
[SourceVersionDate "2018.04.15"]
[SourceQuality "1"]

1. c4 e5 2. g3 Nc6 3. Bg2 Bc5 4. Nc3 a6 5. Nf3 d6 6. O-O Nf6 7. d3 h6 8. a3 Ba7
9. e3 O-O 10. b4 Bg4 11. Qc2 Ne7 12. Bb2 Nd7 13. d4 Rb8 14. dxe5 dxe5 15. Rfd1
Qe8 16. Rd2 f5 17. Nd5 Nxd5 18. Rxd5 c6 19. Rd6 Rd8 20. Nxe5 Nxe5 21. Rxd8 Nf3+
22. Bxf3 Qxd8 23. Bg2 Qe7 24. c5 Bb8 25. Bd4 Bc7 26. Qc3 Bb8 27. a4 Bh5 28. Rb1
Rd8 29. b5 Be8 30. bxa6 bxa6 31. Qc4+ Kh8 32. Qxa6 Qe6 33. a5 f4 34. Qb6 Qe7
35. Qb7 Bc7 36. gxf4 Rb8 37. Qxb8 Bxb8 38. Rxb8 Kh7 39. a6 Qa7 40. Rb7 1-0

[Event "4. Obert Internacional Masdenverge 2015"]
[Site "Masdenverge ESP"]
[Date "2015.06.27"]
[Round "4.10"]
[White "Pamies Martinez, Lluis"]
[Black "Jausas Lopez, Andrea"]
[Result "0-1"]
[WhiteElo "1958"]
[BlackElo "1638"]
[PlyCount "84"]
[EventDate "2015.06.26"]
[EventType "swiss"]
[EventRounds "7"]
[EventCountry "ESP"]
[SourceTitle "Ajedrez en Madrid"]
[Source "lmi"]
[SourceDate "2015.06.26"]
[SourceVersion "1"]
[SourceVersionDate "2018.04.15"]
[SourceQuality "1"]

1. c4 c5 2. Nf3 Nc6 3. d4 cxd4 4. Nxd4 g6 5. e3 Bg7 6. Be2 Nf6 7. O-O O-O 8.
Nc3 a6 9. Rb1 Nxd4 10. exd4 d5 11. c5 b5 12. b4 Bd7 13. Bf4 Bc6 14. Qd3 Ne4 15.
f3 Nxc3 16. Qxc3 a5 17. a3 a4 18. Bd3 Qd7 19. Rbe1 Bf6 20. Re2 Ra7 21. Rfe1 Kg7
22. Be5 Bxe5 23. Rxe5 e6 24. R1e2 Qd8 25. Qe1 Qf6 26. Qg3 Rb7 27. Rc2 Rbb8 28.
f4 Kh8 29. Qf2 Rbe8 30. Rce2 Qg7 31. R2e3 Qf6 32. Rh3 Qg7 33. Qe2 Bd7 34. Bxb5
Bxb5 35. Qxb5 f6 36. Re1 e5 37. fxe5 fxe5 38. dxe5 Rxe5 39. Rf1 Ref5 40. Rhf3
Rxf3 41. Rxf3 Qd4+ 42. Kh1 Qd1+ 0-1

[Event "4. Obert Internacional Masdenverge 2015"]
[Site "Masdenverge ESP"]
[Date "2015.06.27"]
[Round "5.1"]
[White "Fernandez Soriano, Ruben"]
[Black "Roig Aguilar, Alejandro"]
[Result "1/2-1/2"]
[WhiteElo "2131"]
[BlackElo "2199"]
[PlyCount "125"]
[EventDate "2015.06.26"]
[EventType "swiss"]
[EventRounds "7"]
[EventCountry "ESP"]
[SourceTitle "Ajedrez en Madrid"]
[Source "lmi"]
[SourceDate "2015.06.26"]
[SourceVersion "1"]
[SourceVersionDate "2018.04.15"]
[SourceQuality "1"]

1. Nc3 d5 2. e4 d4 3. Nce2 e5 4. Ng3 Be6 5. Bb5+ c6 6. Ba4 Na6 7. Bb3 Bxb3 8.
axb3 d3 9. Qh5 Nb4 10. Qxe5+ Qe7 11. Qxe7+ Nxe7 12. Kf1 Nxc2 13. Rb1 Nd4 14. f4
Nxb3 15. Nf3 f6 16. Nh5 Ng6 17. g3 c5 18. Kg2 c4 19. e5 fxe5 20. f5 O-O-O 21.
Ng5 Rd7 22. Rf1 Ne7 23. Nf7 Rg8 24. Nxe5 Rd5 25. Nxc4 Nxf5 26. g4 Nfd4 27. Nf4
Rc5 28. Ne3 Bd6 29. Nxd3 Rc7 30. Nd5 Rd7 31. Nc3 Re8 32. Nf2 Bf4 33. Nfe4 Bc7
34. d3 Ne6 35. Be3 Rxd3 36. Rbe1 Red8 37. Nb5 a6 38. Nxc7 Kxc7 39. Rf5 R3d5 40.
Nc3 Rxf5 41. gxf5 Ned4 42. Rf1 Kc6 43. f6 gxf6 44. Rxf6+ Rd6 45. Ne4 Rxf6 46.
Nxf6 Nf5 47. Kf3 b5 48. Nxh7 a5 49. Bg5 a4 50. Ke4 Nd6+ 51. Kd3 b4 52. Kc2 Kb5
53. Be7 Nc4 54. Nf6 Nd4+ 55. Kc1 Nb3+ 56. Kc2 Nd4+ 57. Kc1 Nb3+ 58. Kc2 Nd4+
59. Kc1 Nf3 60. Nd5 a3 61. bxa3 b3 62. Nc3+ Kc6 63. Nd1 1/2-1/2